00615 2200217 4500001002100000005001700021008004100038035002400079043001200103082001100115090002000126100001500146245008400161250001100245260002800256300002300284500003100307650003600338850001200374990001100386YOGYA-0209000006526920090227040422.0 ind  0010-020900000065269 aYOPDYOG a808.88 aQ 808.88bPer K aPERMADI, K aKata-kata bijak yang mempengaruhi kepribadian manusiacdihimpun oleh K. Permadi aCet. 1 aJakartabDepdikbudc19. aiv, 110 hlmc29 cm aBibliografi : hlm. 109-110 aKesusasteraan - Kata-kata bijak aYOPDYOG a2666-A